| 000 | 00885nam a22002057a 4500 | ||
|---|---|---|---|
| 003 | 0 | ||
| 005 | 20250204142537.0 | ||
| 008 | 250204b xxu||||| |||| 00| 0 eng d | ||
| 050 |
_aP 91.3 _b.C38 2023 |
||
| 100 | _aCatiis, Mario Jose A. | ||
| 245 |
_aInto the world of AB Communications _ban informative 2D animated video showcasing the AB Communication course _cMario Jose A. Catiis and three others |
||
| 260 |
_aLas Pinas City _bSouthville International School and Colleges _cc2023 |
||
| 300 |
_aix, 118 pages : _bcolored illustrations and pictures ; _c28cm. |
||
| 500 | _aBachelor of Arts in Multimedia Arts. | ||
| 504 | _aIncludes bibliographical references and appendices. | ||
| 650 | _aCommunication—Study and teaching. | ||
| 650 | _aMass media—Education. | ||
| 650 | _aAB Communication—Curriculum--Southville International School and Colleges. | ||
| 942 |
_2lcc _cTH |
||
| 999 |
_c367116 _d367116 |
||